[Event "Titled Tuesday intern op 13th Jun Late"]
[Site "Chess.com INT"]
[Date "2023.06.13"]
[Round "11"]
[White "Vazquez, Guillermo"]
[Black "Chigaev, Maksim"]
[Result "1/2-1/2"]
[WhiteElo "2575"]
[BlackElo "2617"]
[PlyCount "170"]
[EventDate "2023.06.13"]
[EventType "swiss (blitz)"]
[EventRounds "11"]
[EventCountry "USA"]
[SourceTitle "EXT 2024"]
[Source "ChessBase"]
[SourceDate "2023.10.10"]
[SourceVersion "1"]
[SourceVersionDate "2023.10.10"]
[SourceQuality "1"]

1. b3 d5 2. Bb2 Nf6 3. Nf3 c5 4. e3 g6 5. Bb5+ Bd7 6. Bxf6 exf6 7. Bxd7+ Qxd7 8. d4 Nc6 9. 0-0 f5 10. Nc3 cxd4 11. Nxd4 Bg7 12. Nce2 0-0 13. Qd2 Rfd8 14. Rfd1 Rac8 15. c3 h5 16. h3 Ne5 17. Rac1 h4 18. Nf4 a5 19. Nde2 Rc5 20. Nd3 Nxd3 21. Qxd3 Be5 22. Rc2 Qe7 23. c4 Bc7 24. cxd5 Rdxd5 25. Qxd5 Rxc2 26. Rd2 Rxd2 27. Qxd2 Qe5 28. f4 Qe6 29. Nd4 Qe4 30. Kf2 Bb6 31. Ne2 Bc5 32. Qd8+ Kg7 33. Nd4 b6 34. a4 Qb1 35. Qd7 Qa2+ 36. Kf3 Bxd4 37. Qxd4+ Kh7 38. Qc4 Kg7 39. Qc3+ Kh7 40. Qc4 Kg7 41. Qd4+ Kh7 42. Qxb6 Qb1 43. Qb5 Qd1+ 44. Kf2 Qd2+ 45. Qe2 Qc3 46. Qc4 Qd2+ 47. Qe2 Qc3 48. Qd1 Kg8 49. Qd8+ Kh7 50. Qxh4+ Kg7 51. Qd8 Qb2+ 52. Kf3 Qxb3 53. Qd4+ Kg8 54. g4 fxg4+ 55. hxg4 Qc2 56. g5 Qc1 57. Ke2 Qc2+ 58. Ke1 Qc1+ 59. Ke2 Qc2+ 60. Kf3 Qc1 61. Qd8+ Kg7 62. Qf6+ Kg8 63. Qd4 Qc6+ 64. e4 Qc8 65. Kf2 Qc2+ 66. Kf3 Qb3+ 67. Kg4 Kh7 68. f5 Qc2 69. Kf4 Qc1+ 70. Kg4 Qc8 71. Qf6 Qc4 72. Kf4 Qc1+ 73. Kg4 Qg1+ 74. Kf3 Qf1+ 75. Ke3 Qe1+ 76. Kd3 Qd1+ 77. Kc4 Qxa4+ 78. Kd3 Qb3+ 79. Ke2 Qc4+ 80. Ke3 Qc1+ 81. Kf3 Qf1+ 82. Kg3 Qg1+ 83. Kf3 Qf1+ 84. Kg3 Qe1+ 85. Kf3 Qf1+ 1/2-1/2

[Event "Titled Tuesday intern op 13th Jun Late"]
[Site "Chess.com INT"]
[Date "2023.06.13"]
[Round "9"]
[White "Vazquez, Guillermo"]
[Black "Jumabayev, Rinat"]
[Result "1-0"]
[WhiteElo "2575"]
[BlackElo "2590"]
[PlyCount "69"]
[EventDate "2023.06.13"]
[EventType "swiss (blitz)"]
[EventRounds "11"]
[EventCountry "USA"]
[SourceTitle "EXT 2024"]
[Source "ChessBase"]
[SourceDate "2023.10.10"]
[SourceVersion "1"]
[SourceVersionDate "2023.10.10"]
[SourceQuality "1"]

1. b3 e5 2. Bb2 Nc6 3. c4 Nf6 4. e3 d5 5. cxd5 Nxd5 6. a3 a5 7. Qc2 Bd6 8. Nf3 0-0 9. d3 Kh8 10. Nbd2 f5 11. g3 Qe7 12. Bg2 Be6 13. 0-0 Rad8 14. Nc4 Bg8 15. Rfe1 Nf6 16. Nh4 Qe6 17. Bh3 Ng4 18. Qe2 Bc5 19. Nxf5 Qxf5 20. Bxg4 Qxd3 21. Rad1 Qxb3 22. Rxd8 Rxd8 23. Nxe5 Nxe5 24. Bxe5 Bxa3 25. Bf5 Bb4 26. Qg4 Qf7 27. Rc1 c6 28. h4 Rd5 29. Be6 Qe7 30. Bxd5 Bxd5 31. Qf4 Kg8 32. e4 Bf7 33. Rd1 h6 34. Qf5 Be6 35. Qg6 1-0

[Event "Titled Tuesday intern op 13th Jun Late"]
[Site "Chess.com INT"]
[Date "2023.06.13"]
[Round "4"]
[White "Vazquez, Guillermo"]
[Black "Kravtsiv, Martyn"]
[Result "1-0"]
[WhiteElo "2575"]
[BlackElo "2598"]
[PlyCount "99"]
[EventDate "2023.06.13"]
[EventType "swiss (blitz)"]
[EventRounds "11"]
[EventCountry "USA"]
[SourceTitle "EXT 2024"]
[Source "ChessBase"]
[SourceDate "2023.10.10"]
[SourceVersion "1"]
[SourceVersionDate "2023.10.10"]
[SourceQuality "1"]

1. b3 e5 2. Bb2 Nc6 3. c4 Nf6 4. e3 Be7 5. a3 0-0 6. Qc2 d5 7. cxd5 Nxd5 8. Nf3 Bf6 9. d3 a5 10. Nbd2 g6 11. h4 Bg4 12. Be2 Bg7 13. Rc1 Re8 14. Ne4 Qc8 15. 0-0 Nde7 16. Nfg5 h6 17. Bxg4 Qxg4 18. Qc4 Qf5 19. Ng3 Qf6 20. N3e4 Qf5 21. Ng3 Qf6 22. Nf3 Rad8 23. h5 Nd5 24. hxg6 Qxg6 25. Qe4 Nf6 26. Qxg6 fxg6 27. Rfd1 Rd7 28. Kf1 Ng4 29. Ne4 Nd8 30. Ke2 b6 31. b4 axb4 32. axb4 Nf7 33. Rc6 Kh7 34. Ra1 Nd8 35. Rcc1 Ne6 36. b5 Red8 37. Rc6 Nc5 38. Nxc5 bxc5 39. Ne1 e4 40. Bxg7 exd3+ 41. Kf3 Nh2+ 42. Kg3 Nf1+ 43. Kh3 d2 44. Bc3 d1Q 45. Rxd1 Rxd1 46. Rxc7+ R1d7 47. Rxc5 Rb8 48. g3 Rdb7 49. Kg2 Rxb5 50. Rxb5 1-0

[Event "Titled Tuesday intern op 13th Jun Late"]
[Site "Chess.com INT"]
[Date "2023.06.13"]
[Round "6"]
[White "Vazquez, Guillermo"]
[Black "Nihal, Sarin"]
[Result "0-1"]
[WhiteElo "2575"]
[BlackElo "2681"]
[PlyCount "106"]
[EventDate "2023.06.13"]
[EventType "swiss (blitz)"]
[EventRounds "11"]
[EventCountry "USA"]
[SourceTitle "EXT 2024"]
[Source "ChessBase"]
[SourceDate "2023.10.10"]
[SourceVersion "1"]
[SourceVersionDate "2023.10.10"]
[SourceQuality "1"]

1. b3 d5 2. Bb2 Bf5 3. d3 e6 4. Nd2 Nf6 5. g3 h6 6. Bg2 Bh7 7. Nh3 a5 8. a3 Nbd7 9. e4 c6 10. 0-0 Bc5 11. e5 Ng8 12. Qg4 g5 13. Qe2 Ne7 14. Kh1 Rg8 15. d4 Bb6 16. c4 Nf5 17. c5 Bc7 18. b4 b5 19. a4 Rb8 20. bxa5 bxa4 21. Nb1 Bxa5 22. Rxa4 Rb4 23. Rxb4 Bxb4 24. Nd2 Qb8 25. Ra1 Bxc5 26. Nf3 Be7 27. g4 Ng7 28. Bc3 Kf8 29. Nd2 Ne8 30. f4 Bb4 31. Qe3 gxf4 32. Nxf4 Rxg4 33. Rf1 Bxc3 34. Qxc3 Ng7 35. Qf3 Bf5 36. h3 Rg5 37. Qe3 Qb4 38. Nf3 Rg3 39. Kh2 Rxf3 40. Rxf3 c5 41. Nd3 Qxd4 42. Qxd4 cxd4 43. Nf4 Nxe5 44. Ra3 Be4 45. Bf1 Nf5 46. Be2 Ne3 47. Kg3 Kg7 48. Kf2 N3c4 49. Ra7 d3 50. Nxe6+ Kf6 51. Nd4 dxe2 52. Kxe2 Nd6 53. Ra6 Bd3+ 0-1

[Event "Aimchess Play In op"]
[Site "Chess.com INT"]
[Date "2023.06.12"]
[Round "5"]
[White "Eljanov, Pavel"]
[Black "Vazquez, Guillermo"]
[Result "1/2-1/2"]
[WhiteElo "2694"]
[BlackElo "2575"]
[PlyCount "125"]
[EventDate "2023.06.12"]
[EventType "swiss (rapid)"]
[EventRounds "9"]
[EventCountry "USA"]
[SourceTitle "CBM 214 Extra"]
[Source "ChessBase"]
[SourceDate "2023.07.31"]
[SourceVersion "1"]
[SourceVersionDate "2023.07.31"]
[SourceQuality "1"]

1. d4 d5 2. c4 e6 3. Nc3 a6 4. cxd5 exd5 5. Nf3 h6 6. Bf4 Nf6 7. e3 Bd6 8. Bxd6 Qxd6 9. Bd3 0-0 10. Qc2 Nc6 11. a3 Ne7 12. Rc1 c6 13. h3 g6 14. g4 h5 15. g5 Ne8 16. Na4 Bf5 17. Nc5 Qc7 18. Ne5 Nd6 19. Bxf5 Nexf5 20. Ncd7 Qa5+ 21. Qc3 Qxc3+ 22. bxc3 Rfd8 23. Nf6+ Kg7 24. c4 Nxc4 25. Nxc4 dxc4 26. Rxc4 Nd6 27. Rc5 Ne8 28. Nxe8+ Rxe8 29. Kd2 Rad8 30. Rb1 Re7 31. Kd3 Rd6 32. h4 f6 33. gxf6+ Kxf6 34. f4 Rd5 35. e4 Rxc5 36. dxc5 Rd7+ 37. Ke3 Ke6 38. a4 a5 39. Rg1 Kf6 40. Ra1 Kf7 41. Rc1 Kf6 42. Rb1 Kf7 43. Rb3 Kf6 44. Rb1 Kf7 45. Rf1 Ke6 46. f5+ gxf5 47. Rxf5 Rd1 48. Rxh5 Ra1 49. Rh6+ Ke5 50. Rh5+ Ke6 51. Rg5 Rxa4 52. Kf4 Ra1 53. Rg6+ Kf7 54. Rh6 a4 55. Ke5 Rc1 56. Rh7+ Kg6 57. Rxb7 Rxc5+ 58. Kd6 Rc4 59. e5 Rd4+ 60. Ke6 Rxh4 61. Kd6 Rd4+ 62. Kxc6 Kf5 63. Ra7 1/2-1/2

[Event "Aimchess Play In op"]
[Site "Chess.com INT"]
[Date "2023.06.12"]
[Round "3"]
[White "Smirnov, Pavel"]
[Black "Vazquez, Guillermo"]
[Result "1-0"]
[WhiteElo "2538"]
[BlackElo "2575"]
[PlyCount "79"]
[EventDate "2023.06.12"]
[EventType "swiss (rapid)"]
[EventRounds "9"]
[EventCountry "USA"]
[SourceTitle "CBM 214 Extra"]
[Source "ChessBase"]
[SourceDate "2023.07.31"]
[SourceVersion "1"]
[SourceVersionDate "2023.07.31"]
[SourceQuality "1"]

1. d4 d5 2. c4 e6 3. Nf3 a6 4. c5 b6 5. cxb6 c5 6. Qb3 Bd7 7. Nc3 c4 8. Qc2 Qxb6 9. e4 Bb4 10. Be2 Ne7 11. 0-0 0-0 12. Bf4 Rc8 13. Rad1 h6 14. Ne5 Be8 15. Bf3 Nbc6 16. exd5 Nxd4 17. Rxd4 Qxd4 18. Ne2 Qb6 19. dxe6 Qxe6 20. Bxa8 Rxa8 21. Nd4 Qf6 22. Qe4 Rc8 23. Be3 Bd6 24. f4 c3 25. bxc3 Rxc3 26. Ng4 Qh4 27. h3 f5 28. Nxf5 Nxf5 29. Qxe8+ Kh7 30. Qe4 g6 31. Bf2 Qe7 32. Qxe7+ Bxe7 33. Rd1 Kg7 34. Ne5 h5 35. Rd7 Rc1+ 36. Kh2 Rc2 37. g4 hxg4 38. hxg4 Rxf2+ 39. Kg1 Rf3 40. Nxf3 1-0

[Event "Titled Tuesday intern op 7th Mar Late"]
[Site "Chess.com INT"]
[Date "2023.03.07"]
[Round "11"]
[White "Vazquez, Guillermo"]
[Black "Hambleton, Aman"]
[Result "1-0"]
[WhiteElo "2575"]
[BlackElo "2420"]
[PlyCount "49"]
[EventDate "2023.03.07"]
[EventType "swiss (blitz)"]
[EventRounds "11"]
[EventCountry "USA"]
[SourceTitle "EXT 2024"]
[Source "ChessBase"]
[SourceDate "2023.10.10"]
[SourceVersion "1"]
[SourceVersionDate "2023.10.10"]
[SourceQuality "1"]

1. b3 e5 2. Bb2 Nc6 3. c4 g6 4. e3 Bg7 5. Nf3 d6 6. Nc3 Nf6 7. Be2 0-0 8. 0-0 e4 9. Ne1 d5 10. cxd5 Nxd5 11. Qc1 Nf6 12. d3 exd3 13. Nxd3 Bf5 14. Rd1 Qe7 15. Ba3 Qe6 16. Bxf8 Rxf8 17. Qd2 Ne4 18. Nxe4 Bxa1 19. Nec5 Qf6 20. Nxb7 Bc3 21. Qc1 Bxd3 22. Rxd3 Nb4 23. Qxc3 Qb6 24. Rd4 Nc6 25. Rc4 1-0

[Event "Titled Tuesday intern op 7th Mar Late"]
[Site "Chess.com INT"]
[Date "2023.03.07"]
[Round "8"]
[White "Vazquez, Guillermo"]
[Black "Timmermans, Mark"]
[Result "1-0"]
[WhiteElo "2575"]
[BlackElo "2390"]
[PlyCount "139"]
[EventDate "2023.03.07"]
[EventType "swiss (blitz)"]
[EventRounds "11"]
[EventCountry "USA"]
[SourceTitle "EXT 2024"]
[Source "ChessBase"]
[SourceDate "2023.10.10"]
[SourceVersion "1"]
[SourceVersionDate "2023.10.10"]
[SourceQuality "1"]

1. b3 d5 2. Bb2 Bg4 3. f3 Bh5 4. h4 Qd6 5. d4 f6 6. Nh3 Nd7 7. Nc3 c6 8. Qd2 0-0-0 9. e4 e6 10. 0-0-0 Qc7 11. Nf4 Bf7 12. g3 g6 13. Kb1 Kb8 14. Bh3 f5 15. Rhe1 Ngf6 16. a3 Bh6 17. Qh2 Bxf4 18. gxf4 Nh5 19. e5 Rc8 20. a4 a6 21. Ba3 c5 22. dxc5 Nxc5 23. Na2 Ka8 24. Rd4 Rhd8 25. Bf1 Be8 26. Qd2 Qb6 27. a5 Qc7 28. Kb2 Ng3 29. Bg2 Bb5 30. Nc3 Qc6 31. Bb4 Nh5 32. Rd1 Rd7 33. Nxb5 Qxb5 34. Bf1 Qc6 35. Qf2 Kb8 36. c3 Rdc7 37. Rc1 b6 38. axb6 Qxb6 39. Ra1 Rb7 40. Qc2 Rcc7 41. Bxc5 Qxc5 42. Bxa6 Qxd4 43. cxd4 Rxc2+ 44. Kxc2 Rc7+ 45. Kd2 Nxf4 46. Bf1 Kc8 47. Ra8+ Kd7 48. Rh8 h5 49. Rg8 Ke7 50. Rg7+ Kd8 51. Rxc7 Kxc7 52. Ke3 g5 53. hxg5 Ng6 54. f4 h4 55. Kf3 Kb6 56. b4 Kc6 57. b5+ Kb6 58. Be2 h3 59. Kg3 Nxf4 60. Bf1 h2 61. Kxh2 Nh5 62. Kh3 Ng7 63. Kh4 Kc7 64. g6 f4 65. Kg5 Kd7 66. Kxf4 Ke7 67. b6 Kd7 68. b7 Kc7 69. Ba6 Nh5+ 70. Kg5 1-0

[Event "Titled Tuesday intern op 04th Oct Late"]
[Site "Chess.com INT"]
[Date "2022.10.04"]
[Round "5"]
[White "Vazquez, Guillermo"]
[Black "Bortnyk, Olexandr"]
[Result "0-1"]
[WhiteElo "2573"]
[BlackElo "2604"]
[PlyCount "50"]
[EventDate "2022.10.04"]
[EventType "swiss (blitz)"]
[EventRounds "11"]
[EventCountry "USA"]
[SourceTitle "EXT 2023"]
[Source "ChessBase"]
[SourceDate "2022.10.05"]
[SourceVersion "1"]
[SourceVersionDate "2022.10.05"]
[SourceQuality "1"]

1. b3 d5 2. Bb2 Bf5 3. d3 Nf6 4. Nd2 e6 5. g3 Be7 6. Bg2 h6 7. e4 Bh7 8. Nh3 c6 9. 0-0 a5 10. a3 Na6 11. Qe2 Qb6 12. Kh1 Nc5 13. f4 Qa6 14. Qe1 dxe4 15. dxe4 Rd8 16. Nf2 0-0 17. Nc4 a4 18. Qc3 axb3 19. cxb3 Qb5 20. Nd2 Rxd2 21. Qxd2 Nxb3 22. Qc3 Nxa1 23. Rxa1 Rd8 24. g4 Qe2 25. Rf1 Rd2 0-1

[Event "Titled Tuesday intern op 04th Oct Late"]
[Site "Chess.com INT"]
[Date "2022.10.04"]
[Round "8"]
[White "Vazquez, Guillermo"]
[Black "Mikhailovsky, Vladimir"]
[Result "1-0"]
[WhiteElo "2573"]
[BlackElo "2215"]
[PlyCount "77"]
[EventDate "2022.10.04"]
[EventType "swiss (blitz)"]
[EventRounds "11"]
[EventCountry "USA"]
[SourceTitle "EXT 2023"]
[Source "ChessBase"]
[SourceDate "2022.10.05"]
[SourceVersion "1"]
[SourceVersionDate "2022.10.05"]
[SourceQuality "1"]

1. b3 d5 2. Bb2 Bf5 3. d3 e6 4. Nd2 Nf6 5. g3 Nbd7 6. Bg2 c6 7. e4 dxe4 8. dxe4 Bg6 9. Ne2 Qc7 10. Nf4 e5 11. Nxg6 hxg6 12. Qe2 Bb4 13. a3 Bxd2+ 14. Qxd2 0-0-0 15. 0-0-0 Nc5 16. Qe3 b6 17. h4 Kb7 18. Bf3 Ne6 19. Be2 Rhe8 20. Bc4 Nd4 21. f3 Nh5 22. Rhg1 Rd7 23. Bxd4 exd4 24. Rxd4 Rxd4 25. Qxd4 Nxg3 26. Qxg7 b5 27. Qxf7 bxc4 28. Qxc7+ Kxc7 29. Rxg3 cxb3 30. cxb3 Rf8 31. Kd2 Rf4 32. Ke3 Rxh4 33. Rxg6 Rh1 34. Rg7+ Kb6 35. f4 Rb1 36. f5 Rxb3+ 37. Kf4 Rxa3 38. f6 Ra1 39. Rg3 1-0

[Event "Titled Tuesday intern op 04th Oct Late"]
[Site "Chess.com INT"]
[Date "2022.10.04"]
[Round "10"]
[White "Vazquez, Guillermo"]
[Black "Morefield, Jason P"]
[Result "1-0"]
[WhiteElo "2573"]
[BlackElo "2238"]
[PlyCount "85"]
[EventDate "2022.10.04"]
[EventType "swiss (blitz)"]
[EventRounds "11"]
[EventCountry "USA"]
[SourceTitle "EXT 2023"]
[Source "ChessBase"]
[SourceDate "2022.10.05"]
[SourceVersion "1"]
[SourceVersionDate "2022.10.05"]
[SourceQuality "1"]

1. b3 d5 2. Bb2 Bf5 3. d3 Nf6 4. Nd2 c5 5. e4 dxe4 6. dxe4 Nxe4 7. Bd3 Nd6 8. Bxf5 Nxf5 9. Qf3 Qd7 10. 0-0-0 Nc6 11. Ne2 e6 12. Qg4 Nfd4 13. Nxd4 cxd4 14. Nf3 e5 15. Qxd7+ Kxd7 16. Nxe5+ Nxe5 17. Bxd4 Ke6 18. Rhe1 f6 19. f4 Bb4 20. c3 Bd6 21. Kc2 a5 22. a4 Rhf8 23. Re2 Rae8 24. fxe5 fxe5 25. Bb6 Ra8 26. Rd3 Ra6 27. Bd4 h5 28. Rg3 Kd5 29. Rg5 Re8 30. Rxh5 Rc6 31. Kd3 Rc7 32. c4+ Kc6 33. Bc3 b6 34. Kc2 Rce7 35. Rg5 Rf7 36. h4 Ref8 37. Bxe5 Re8 38. Rg6 Rd7 39. Kd3 Kc5 40. Bxd6+ Rxd6+ 41. Rxd6 Rxe2 42. Kxe2 Kxd6 43. g4 1-0

[Event "PNWCC Last Dance-A"]
[Site "Redmond"]
[Date "2022.06.22"]
[Round "8"]
[White "Vazquez, Guillermo"]
[Black "He, Anthony B"]
[Result "1/2-1/2"]
[WhiteElo "2560"]
[BlackElo "2437"]
[PlyCount "51"]
[EventDate "2022.06.18"]
[EventType "tourn"]
[EventRounds "9"]
[EventCountry "USA"]
[EventCategory "5"]
[SourceTitle "EXT 2024"]
[Source "ChessBase"]
[SourceDate "2023.10.10"]
[SourceVersion "1"]
[SourceVersionDate "2023.10.10"]
[SourceQuality "1"]

1. Nf3 d5 2. e3 Nf6 3. c4 e6 4. Nc3 c5 5. cxd5 Nxd5 6. Nxd5 Qxd5 7. b3 Be7 8. Bb2 0-0 9. Qc2 Nc6 10. Rd1 Nb4 11. Qb1 Rd8 12. Bc4 Qf5 13. e4 Qh5 14. Be2 Bd7 15. 0-0 Nc6 16. d4 cxd4 17. Nxd4 Qa5 18. Qa1 Nxd4 19. Bxd4 Bf8 20. Bc3 Qb6 21. Rd3 Bb5 22. Rg3 g6 23. Bxb5 Qxb5 24. Bf6 Rd2 25. Rd1 Qe2 26. Rxd2 1/2-1/2

[Event "PNWCC Last Dance-A"]
[Site "Redmond"]
[Date "2022.06.22"]
[Round "7"]
[White "Vazquez, Guillermo"]
[Black "Yu, Jiangwei"]
[Result "1-0"]
[WhiteElo "2560"]
[BlackElo "2222"]
[PlyCount "99"]
[EventDate "2022.06.18"]
[EventType "tourn"]
[EventRounds "9"]
[EventCountry "USA"]
[EventCategory "5"]
[SourceTitle "EXT 2024"]
[Source "ChessBase"]
[SourceDate "2023.10.10"]
[SourceVersion "1"]
[SourceVersionDate "2023.10.10"]
[SourceQuality "1"]

1. e4 c5 2. Nf3 d6 3. d4 cxd4 4. Qxd4 Nc6 5. Qe3 Bg4 6. Be2 Nf6 7. 0-0 e6 8. Rd1 Qc7 9. c4 Ne5 10. Nc3 a6 11. Nxe5 Bxe2 12. Qxe2 dxe5 13. Be3 Bc5 14. Na4 Bxe3 15. Qxe3 0-0 16. f3 Rad8 17. Qc5 Rc8 18. Qxc7 Rxc7 19. c5 Nd7 20. b4 Nb8 21. a3 Nc6 22. Kf2 Nd4 23. Rd3 a5 24. Nb6 f5 25. exf5 axb4 26. axb4 exf5 27. Rb1 Re8 28. Rb2 Nb5 29. Rbd2 e4 30. Re3 Rce7 31. Nd5 Re5 32. h4 Kf7 33. Nb6 R8e7 34. f4 R5e6 35. Ra2 Nd4 36. Nc4 Ra6 37. Ne5+ Ke6 38. Rd2 Nb5 39. h5 Rc7 40. h6 g5 41. g3 Ra1 42. Re1 Ra3 43. Rd8 gxf4 44. gxf4 Rh3 45. Red1 Kf6 46. R1d7 Rxh6 47. Rxc7 Nxc7 48. Rd7 Nb5 49. Rf7+ Ke6 50. Rxb7 1-0

[Event "Titled Tuesday intern op 14th Jun Early"]
[Site "Chess.com INT"]
[Date "2022.06.14"]
[Round "2"]
[White "Skliarov, Viktor"]
[Black "Vazquez, Guillermo"]
[Result "1-0"]
[WhiteElo "2387"]
[BlackElo "2560"]
[PlyCount "83"]
[EventDate "2022.06.14"]
[EventType "swiss (blitz)"]
[EventRounds "11"]
[EventCountry "USA"]
[SourceTitle "EXT 2023"]
[Source "ChessBase"]
[SourceDate "2022.10.05"]
[SourceVersion "1"]
[SourceVersionDate "2022.10.05"]
[SourceQuality "1"]

1. e4 e5 2. Nc3 Nc6 3. Bc4 Nf6 4. d3 Bc5 5. a3 0-0 6. h3 d6 7. Nge2 Be6 8. Nd5 Nd7 9. Ng3 a6 10. 0-0 Ba7 11. Kh2 Nb6 12. Ba2 Bxd5 13. exd5 Ne7 14. c4 Nd7 15. f4 Bd4 16. f5 Kh8 17. Ne4 Ng8 18. Qe2 h6 19. Rb1 Ngf6 20. Bd2 a5 21. Bb3 Nc5 22. Bc2 c6 23. dxc6 bxc6 24. Nxf6 Qxf6 25. b3 Rfe8 26. Qf3 d5 27. cxd5 cxd5 28. Qxd5 e4 29. dxe4 Rad8 30. Qc4 Nxe4 31. Bxe4 Rxe4 32. Kh1 Qe5 33. Rbe1 Rxe1 34. Rxe1 Qxf5 35. Rf1 Qe5 36. Qxf7 Qe2 37. Bxa5 Rb8 38. Bb4 Be5 39. Qf3 Qc2 40. Re1 Qb2 41. Qe3 Re8 42. Bc3 1-0

[Event "Saint Louis Summer-B playoff"]
[Site "Saint Louis"]
[Date "2022.06.11"]
[Round "1"]
[White "Vazquez, Guillermo"]
[Black "Antipov, Mikhail Al"]
[Result "1-0"]
[WhiteElo "2560"]
[BlackElo "2592"]
[PlyCount "101"]
[EventDate "2022.06.11"]
[EventType "match (rapid)"]
[EventRounds "3"]
[EventCountry "USA"]
[SourceTitle "CBM 208 Extra"]
[Source "ChessBase"]
[SourceDate "2022.07.31"]
[SourceVersion "1"]
[SourceVersionDate "2022.07.31"]
[SourceQuality "1"]

1. b3 d5 2. Bb2 Bf5 3. d3 e5 4. Bxe5 d4 5. a3 Nc6 6. Bg3 Nf6 7. Nf3 Bc5 8. b4 Bb6 9. c4 dxc3 10. Nxc3 a5 11. b5 Nd4 12. Nxd4 Qxd4 13. Rc1 a4 14. e3 Qc5 15. Be2 Qxa3 16. 0-0 0-0 17. Be5 Nd7 18. Bg3 Be6 19. Bf3 Nc5 20. d4 Nb3 21. Rc2 Na5 22. Bd5 c6 23. Bxe6 fxe6 24. Qg4 Qb3 25. Qe4 a3 26. Rb1 Qc4 27. Bd6 Rfd8 28. Bxa3 Nb3 29. Ne2 Nd2 30. Rxd2 Rxa3 31. g3 cxb5 32. Nf4 Ba5 33. Rc2 Bc3 34. Qxe6+ Qxe6 35. Nxe6 Rd6 36. Nc7 b4 37. Nb5 Rda6 38. Nxc3 Rxc3 39. Rcb2 Ra4 40. Rxb4 Rc1+ 41. Rxc1 Rxb4 42. Rc7 b5 43. Rb7 Rb2 44. Kg2 h6 45. Kf3 b4 46. d5 Kh7 47. e4 Kg6 48. Rb6+ Kf7 49. e5 Rb3+ 50. Ke4 Rb2 51. f4 1-0

[Event "Saint Louis Summer-B"]
[Site "Saint Louis"]
[Date "2022.06.08"]
[Round "7"]
[White "Dragun, Kamil"]
[Black "Vazquez, Guillermo"]
[Result "1/2-1/2"]
[WhiteElo "2571"]
[BlackElo "2560"]
[PlyCount "60"]
[EventDate "2022.06.02"]
[EventType "tourn"]
[EventRounds "9"]
[EventCountry "USA"]
[EventCategory "13"]
[SourceTitle "CBM 208 Extra"]
[Source "ChessBase"]
[SourceDate "2022.07.31"]
[SourceVersion "1"]
[SourceVersionDate "2022.07.31"]
[SourceQuality "1"]

1. d4 Nf6 2. c4 e6 3. Nc3 Bb4 4. Qc2 0-0 5. e4 d5 6. e5 Ne4 7. Bd3 c5 8. Nf3 cxd4 9. Nxd4 Nd7 10. Bf4 Qh4 11. g3 Qh5 12. 0-0 Bxc3 13. bxc3 g5 14. cxd5 exd5 15. Be3 Nxe5 16. f3 Nc5 17. Bf5 Ne6 18. Rae1 Nxd4 19. Bxd4 Nc6 20. Bc5 Bxf5 21. Qxf5 Rfe8 22. Rxe8+ Rxe8 23. Qd7 Re2 24. Qc8+ Kg7 25. Qf8+ Kg6 26. Qg8+ Kf6 27. Qh8+ Kg6 28. Qg8+ Kf6 29. Qh8+ Kg6 30. Qg8+ Kf6 1/2-1/2

[Event "Saint Louis Summer-B"]
[Site "Saint Louis"]
[Date "2022.06.06"]
[Round "5"]
[White "Vazquez, Guillermo"]
[Black "Harutyunian, Tigran K"]
[Result "1-0"]
[WhiteElo "2560"]
[BlackElo "2550"]
[PlyCount "205"]
[EventDate "2022.06.02"]
[EventType "tourn"]
[EventRounds "9"]
[EventCountry "USA"]
[EventCategory "13"]
[SourceTitle "CBM 208 Extra"]
[Source "ChessBase"]
[SourceDate "2022.07.31"]
[SourceVersion "1"]
[SourceVersionDate "2022.07.31"]
[SourceQuality "1"]

1. e4 e5 2. Nf3 Nc6 3. Bc4 Bc5 4. c3 Nf6 5. d3 d6 6. 0-0 a5 7. Re1 0-0 8. h3 h6 9. a3 Bb6 10. Nbd2 Ne7 11. Bb3 c6 12. d4 Ng6 13. Bc2 Re8 14. Nf1 exd4 15. cxd4 d5 16. e5 Ne4 17. N1d2 Nxd2 18. Bxd2 Be6 19. Be3 Qd7 20. Qd3 Bd8 21. Nh2 Nf8 22. Nf1 Bh4 23. Rac1 f5 24. Ng3 Bxg3 25. fxg3 Re7 26. Rf1 Rf7 27. Bd2 b6 28. Ba4 b5 29. Bc2 Ra7 30. Rf2 Qd8 31. Rcf1 Qc8 32. Kh2 Qd8 33. Qe3 Qc8 34. Qe1 Qd8 35. Rf3 Qb6 36. Qf2 Qd8 37. Bb1 Qe8 38. Bd3 Qc8 39. Rc1 Qe8 40. Qe1 Qa8 41. Qd1 Qe8 42. Qc2 Bd7 43. Be3 Qe6 44. Rcf1 Qe8 45. g4 f4 46. Bxf4 Be6 47. Bd2 Qa8 48. Bf5 Qe8 49. Qc5 Qc8 50. Qd6 Qe8 51. Rc1 Bd7 52. Bxd7 Rfxd7 53. Qxc6 Ne6 54. Rcf1 Rac7 55. Qb6 Kh7 56. Qxb5 Rc4 57. Rf7 Rd8 58. Qxe8 Rxe8 59. Bc3 Nxd4 60. Rd1 Ne2 61. Rxd5 Nxc3 62. bxc3 Re6 63. Rxa5 Rxc3 64. Raa7 Rg6 65. Rf2 Re3 66. Ra5 Re6 67. Ra2 R6xe5 68. Rxe5 Rxe5 69. a4 Ra5 70. Kg3 Kg6 71. Kf4 Kf6 72. Ke4 Ke6 73. Kd4 Kd6 74. Kc4 Kc6 75. Kb4 Re5 76. a5 Re4+ 77. Kc3 Kb7 78. a6+ Ka7 79. Kd3 Rb4 80. Ke3 g5 81. Rf2 Rb6 82. Ke4 Kxa6 83. Ke5 Kb7 84. Rf6 Rb5+ 85. Ke6 Kc7 86. Kf7 Rb2 87. Rxh6 Kd7 88. Kf6 Rxg2 89. Kxg5 Ke7 90. Rh7+ Kf8 91. h4 Ra2 92. h5 Ra5+ 93. Kh4 Kg8 94. Rb7 Ra4 95. h6 Ra1 96. Kh5 Ra6 97. Rb5 Kh7 98. g5 Ra8 99. g6+ Kg8 100. Kg5 Rf8 101. Rf5 Ra8 102. h7+ Kh8 103. Kh6 1-0